2024 Bengals Touchdown Scorers - Statistics

General Stats
  • This quiz has been taken 126 times
  • The average score is 10 of 13
Answer Stats
# TD's Answer % Correct
15 Ja'Marr Chase
100%
37 Joe Burrow
99%
6 Tee Higgins
98%
11 Chase Brown
95%
5 Andrei Iosivas
80%
2 Mike Gesicki
80%
3 Zach Moss
79%
1 Tanner Hudson
60%
1 Drew Sample
58%
1 Sam Hubbard
57%
1 Cam Taylor-Britt
55%
1 Charlie Jones
52%
1 Geno Stone
49%
No matching quizzes found
Score Distribution
Percent of People with Each Score
Percentile by Number Answered
Your Score History
You have not taken this quiz